[Event "FRA-NED"]
[Site "Cannes"]
[Date "1990.??.??"]
[Round "5"]
[White "Miralles, Gilles"]
[Black "Van der Wiel, John"]
[Result "1/2-1/2"]
[WhiteElo "2460"]
[BlackElo "2550"]
[Annotator "Ftacnik,L"]
[PlyCount "120"]
[EventDate "1990.02.??"]
[EventType "schev"]
[EventRounds "10"]
[EventCountry "FRA"]
[SourceTitle "CBM 018"]
[Source "ChessBase"]
[SourceDate "1990.10.01"]
[SourceVersion "1"]
[SourceVersionDate "1990.10.01"]
[SourceQuality "1"]

1. d4 d5 2. c4 c6 3. Nc3 Nf6 4. e3 e6 5. Nf3 Nbd7 6. Bd3 dxc4 7. Bxc4 b5 8. Bd3
a6 9. e4 c5 10. e5 cxd4 11. Nxb5 axb5 12. exf6 gxf6 13. O-O Qb6 14. Be4 Bb7 15.
Bxb7 Qxb7 16. Nxd4 Rg8 17. Qf3 Qxf3 18. Nxf3 Rg4 {1/4-1/4/Speelman,J-Smyslov,V/
Hastings/1988/ ->CBM 11} 19. b3 Bc5 20. Rd1 (20. Bb2 Re4 21. Rfe1 Rxe1+ 22.
Nxe1 Ne5 $15) 20... Ne5 (20... Re4 21. Kf1) (20... b4 21. Bb2) 21. Nxe5 fxe5
22. a3 (22. Be3 Bxe3 23. fxe3 b4) 22... Rd4 23. Bb2 Rxd1+ 24. Rxd1 f6 (24...
Bd4 25. Bxd4 Rd8 26. f4 exd4 27. Kf2 f6 28. Kf3 Ke7 29. a4 bxa4 30. bxa4 e5 31.
fxe5 fxe5 32. Ke4 Ke6 33. Rb1 $10) 25. Kf1 (25. b4 Bd4 26. Bxd4 Rd8 27. f4 Rxd4
28. Rxd4 exd4 $17) 25... Bxa3 26. Ra1 b4 27. Ke2 Ke7 28. Ke3 Ra5 29. g4 f5 30.
f3 Kd6 31. h4 Kc6 (31... f4+ 32. Ke2 $1 $13 (32. Ke4 $2 Rd5 $19)) 32. g5 Kb6
33. Bc1 (33. h5 $2 Bxb2 34. Rxa5 Kxa5 35. g6 hxg6 36. hxg6 e4 $19) 33... Bxc1+
34. Rxc1 Ra3 35. Rb1 Ra2 36. Rd1 Kc6 37. Rc1+ Kd7 38. Rc4 f4+ 39. Kd3 Rf2 40.
Rxb4 (40. Ke4 Re2+ 41. Kd3 Re3+) 40... Rxf3+ 41. Kc4 Kc6 (41... e4 $5 42. Rb7+
Kd6 43. Rb6+ (43. Rxh7 e3 44. Kd3 Rf2 45. g6 (45. Ra7 Rd2+ 46. Kc3 Rd1 47. Ra2
f3 48. g6 e2 $19) 45... e2 46. Kd2 f3 47. g7 Rf1 48. g8=Q e1=Q+ $19) 43... Ke7
(43... Ke5 44. Rb5+) 44. Rb7+ Kf8 45. Rxh7 e3 46. Kd3 Rf2 47. g6 e2 48. Kd2 f3
49. Rf7+ Kg8 50. Re7 Rf1 51. Rxe6 Rd1+ $19) 42. Ra4 Kb6 43. Rb4+ Kc6 44. Ra4
Rh3 (44... e4 $5) 45. Ra6+ Kb7 (45... Kd7 46. Ra7+ Kd6 47. Ra6+ Ke7 48. Ra7+
Ke8 (48... Kf8 49. Rxh7 e4 50. g6 f3 51. Kd4) 49. Rxh7 e4 50. g6 e3 51. Rh8+
Ke7 52. g7 Rg3 53. g8=Q Rxg8 54. Rxg8 e2 55. Rg1 f3 56. Kd3 f2 57. Rg7+ $1 Kf6
58. Kxe2) 46. Rxe6 Rxh4 47. Kd5 (47. Rxe5 f3+ 48. Kd3 Rf4 49. Re1 $10) 47... f3
48. Kxe5 Rf4 $1 49. Re7+ (49. Kxf4 f2) 49... Kc6 50. Rxh7 f2 51. Rh1 f1=Q 52.
Rxf1 Rxf1 53. g6 Rg1 54. Kf6 Kd7 55. g7 Ke8 56. b4 Rf1+ 57. Ke6 Rg1 58. Kf6 Kd7
59. b5 Rf1+ 60. Ke5 Re1+ {Ftacnik,L} 1/2-1/2

[Event "NED-ch46"]
[Site "Eindhoven"]
[Date "1991.06.19"]
[Round "8"]
[White "Piket, Jeroen"]
[Black "Kuijf, Marinus"]
[Result "1-0"]
[WhiteElo "2590"]
[BlackElo "2460"]
[Annotator "Ftacnik,L"]
[PlyCount "61"]
[EventDate "1991.06.10"]
[EventType "tourn"]
[EventRounds "11"]
[EventCountry "NED"]
[EventCategory "9"]
[SourceTitle "CBM 026"]
[Source "ChessBase"]
[SourceDate "1992.02.01"]
[SourceVersion "1"]
[SourceVersionDate "1992.02.01"]
[SourceQuality "1"]

1. c4 c6 2. d4 d5 3. Nf3 e6 4. Nc3 Nf6 5. e3 Nbd7 6. Bd3 dxc4 7. Bxc4 b5 8. Bd3
a6 9. e4 c5 10. e5 cxd4 11. Nxb5 Ng4 12. Nd6+ Bxd6 13. exd6 Nc5 $6 {N} (13...
Bb7 14. O-O Qb6 15. Bf4 Rd8 16. Re1 $13 {Christiansen,L-Henley,R/USA ch/1984/})
(13... Qa5+ $5 14. Bd2 Qd5 15. Qa4 e5 $13) 14. b4 $1 Nxd3+ 15. Qxd3 e5 (15...
Qxd6 16. Qe4 $16) 16. Qe4 Rb8 17. Nxe5 (17. h3 f5 18. Qc6+ Bd7 19. Qc7 e4 $13)
17... O-O 18. Nc6 $1 Qxd6 (18... Re8 19. Ne7+ Kh8 20. Qxd4 Rb6 (20... Rxe7+ 21.
dxe7 Qxd4 22. e8=Q#) 21. Bb2 f6 22. O-O-O $18) 19. Bf4 Qf6 20. Nxb8 (20. O-O
Rb6 21. Ne7+ Kh8 22. Nd5 Qg6 23. Qxd4 $16) 20... Bf5 21. Qf3 Re8+ 22. Kf1 Qg6
$2 (22... d3 23. Rc1 $1 (23. Re1 Rxe1+ 24. Kxe1 Qc3+ 25. Kd1 (25. Bd2 Qa1+ 26.
Qd1 Qxd1+ 27. Kxd1 Nxf2+) 25... Qc2+ 26. Ke1 Qc3+ $10)) 23. h3 $1 Nf6 24. Kg1
Be4 25. Qg3 Qf5 26. Bc7 Bb7 27. Kh2 Nh5 28. Rhe1 Rf8 29. Qd6 h6 30. Qxd4 Qg5
31. Qg4 {Ftacnik,L} 1-0

[Event "Beersheba"]
[Site "Beersheba"]
[Date "1992.??.??"]
[Round "6"]
[White "Alterman, Boris"]
[Black "Chernin, Alexander"]
[Result "0-1"]
[WhiteElo "2515"]
[BlackElo "2620"]
[Annotator "Ftacnik,L"]
[PlyCount "120"]
[EventDate "1992.03.??"]
[EventType "schev"]
[EventRounds "3"]
[EventCountry "ISR"]
[SourceTitle "CBM 030"]
[Source "ChessBase"]
[SourceDate "1992.10.01"]
[SourceVersion "1"]
[SourceVersionDate "1992.10.01"]
[SourceQuality "1"]

1. d4 d5 2. c4 c6 3. Nc3 Nf6 4. e3 e6 5. Nf3 Nbd7 6. Bd3 dxc4 7. Bxc4 b5 8. Bd3
a6 9. e4 c5 10. e5 cxd4 11. Nxb5 Ng4 12. Qa4 Bb7 13. Nbxd4 Qb6 14. O-O Bc5 15.
Be3 Nxe3 16. fxe3 h6 17. Kh1 (17. Nd2 O-O 18. Nc4 Qc7 19. b4 Ba7 20. Qa5 (20.
Rac1 Nxe5 21. Na5 Qe7 $15) 20... Qxa5 21. Nxa5 Nxe5 22. Be2 Bd5 $15 {
Bewersdorff-Van de Oudeweetering/Groningen op/1988/}) 17... Rd8 18. b4 $6 {N} (
18. Rad1 O-O 19. Qc2 $6 Rc8 20. Qf2 Be7 $6 (20... Qc7 21. Qg3 Ba7 22. Qf4 Bb8
23. Be4 $15) 21. Bb1 Nc5 $13 {Douven,R-Van der Wiel,J/Wijk/1989/}) 18... Qxb4 (
18... Bxb4 $2 19. Rab1 a5 20. a3 $18) 19. Qc2 Bxd4 20. Rab1 (20. exd4 Bxf3 21.
Rxf3 Qxd4 $17) (20. Nxd4 Nxe5 21. Rab1 Qe7 22. Bxa6 Bxa6 23. Qa4+ Qd7 24. Qxa6
O-O $15) 20... Qc3 21. Rxb7 Bxe5 (21... Qxc2 $2 22. Bxc2 Bxe3 23. Ba4 $18) 22.
Nxe5 (22. Qxc3 Bxc3 23. Bxa6 O-O $15) 22... Qxc2 $1 (22... Qxe5 23. Qc6 Qc5 24.
Be4 $16) 23. Bxc2 Nxe5 24. Ba4+ Kf8 25. Ra7 g5 $1 26. Rxa6 Kg7 27. Ra7 Ra8 $1
28. Rxa8 Rxa8 29. Bb3 Rc8 $17 30. Kg1 (30. h3 Rc3 31. Re1 Nd3 32. Re2 Nc1 $17)
30... Rc3 31. Re1 (31. Kf2 Ng4+ 32. Kf3 Nxe3 $19) 31... Ng4 (31... Nd3 32. Rb1
Nc5 33. Kf2 $17) 32. e4 Kf6 33. h3 (33. Rf1+ Ke7) 33... Ne5 34. Rf1+ Ke7 35.
Re1 h5 36. Re2 h4 37. Re1 Ng6 38. Kf2 Kf6 39. Re3 Rc1 40. Rf3+ (40. Re1 Rc5 $17
) 40... Nf4 41. g3 hxg3+ 42. Rxg3 (42. Kxg3 Rg1+ 43. Kf2 Rg2+ 44. Ke3 Ke5 $17)
42... Rh1 43. a4 Rb1 (43... Rxh3 44. Rxh3 Nxh3+ 45. Ke3 $132) 44. Rc3 Ke5 45.
a5 (45. Bc2 Rb2 46. Ke3 Nxh3 $17) 45... Ra1 46. Rc5+ Kd6 47. Rb5 (47. Rxg5 $2
Nxh3+ $19) 47... Ra3 48. Kg3 Kc6 49. Rb6+ Kc7 50. Kg4 (50. Rb5 Ne2+ 51. Kg4 Nd4
52. Rc5+ Kd6 $19) 50... Rxa5 51. Rb4 Nd3 52. Rc4+ Kb6 53. Rd4 Ne5+ 54. Kh5 g4
$1 55. Rb4+ (55. hxg4 Nf3+ $19) 55... Kc5 56. Rb8 gxh3 57. Kg5 h2 58. Rh8 Ra3
59. Kf6 Kd6 60. Bd1 Ra1 {Ftacnik,L} 0-1

[Event "Novgorod"]
[Site "Novgorod"]
[Date "1994.??.??"]
[Round "8"]
[White "Bareev, Evgeny"]
[Black "Shirov, Alexei"]
[Result "1/2-1/2"]
[WhiteElo "2675"]
[BlackElo "2740"]
[Annotator "Hansen,LB"]
[PlyCount "71"]
[EventDate "1994.08.??"]
[EventType "tourn"]
[EventRounds "10"]
[EventCountry "RUS"]
[EventCategory "19"]
[SourceTitle "CBM 043"]
[Source "ChessBase"]
[SourceDate "1994.12.01"]
[SourceVersion "1"]
[SourceVersionDate "1994.12.01"]
[SourceQuality "1"]

1. d4 {Kharitonov} d5 2. c4 c6 3. Nc3 Nf6 4. Nf3 e6 5. e3 Nbd7 6. Bd3 dxc4 7.
Bxc4 b5 8. Bd3 a6 9. e4 c5 10. e5 cxd4 11. Nxb5 axb5 12. exf6 gxf6 $5 13. O-O (
13. Nxd4 Qb6 14. Be3 Bb4+ 15. Kf1 Bc5 16. Bxb5 (16. Be4 $6 Ra4 $1 17. Rc1 Ba6
18. Rxc5 Qxc5 $17 {Romanov,P-Ivanov,S/Kotovo op/1994/}) 16... e5 $1 17. Bxd7+
Bxd7 $17 {Alterman,B-Chernin,A/Groningen PCA/1993/}) 13... Qb6 14. Qe2 (14. Be4
Bb7 15. Bxb7 (15. Re1 Bc5 16. Qd3 Rd8 (16... h5 17. Bxb7 Qxb7 18. Nxd4 Bxd4 19.
Qxd4 Ra4 $1 20. b4 Rg8 21. Qe4 Qxe4 22. Rxe4 Rg4 $1 23. Rxg4 hxg4 $15 {
Zhunovsov,M-Paronjan,A/Kotovo op/1994/}) 17. a3 Bd6 18. Bxb7 Qxb7 19. Qxd4 Ne5
$132 {Greenfeld,A-Kosic,D/Belgrade/1994/}) 15... Qxb7 16. Nxd4 Rg8 17. Qf3 (17.
f3 Ne5 18. Qe2 Bc5 19. Be3 Rd8 $10 {Kamsky,G-Kramnik,V/Linares/1994/}) 17...
Qxf3 18. Nxf3 Rg4 {1/2-1/2/Speelman,J-Smyslov,V/Hastings/1988/}) 14... Ba6 15.
a4 Nc5 $1 (15... Bd6 $6 16. a5 $1 Qc5 17. Qe4 Rb8 18. b4 $1 Qh5 19. Qxd4 $16 {
Lautier,J-Morovic Fernandez,I/Dos Hermanas/1994/}) 16. axb5 Bb7 17. Rxa8+ Bxa8
18. Bf4 $5 $146 (18. Bc4 Nd7 19. Bf4 Bd6 20. Bg3 Bxg3 21. hxg3 Ke7 $15 {
Lautier,J-Illescas Cordoba,M/Las Palmas/1994/}) 18... Bd6 19. Bg3 Bxg3 20. hxg3
Bxf3 $1 (20... Nxd3 {Kharitonov} 21. Qxd3 e5 $2 22. Qa3 $16) (20... e5 $2 {
Kharitonov} 21. Nxe5) (20... Ke7 {Kharitonov} 21. Nxd4 Rd8 (21... Nxd3 22. Qxd3
Rd8 23. Qa3+ $16) 22. Qe3 $1 Nxd3 23. Nf5+ $18) (20... Qd6 {Kharitonov} 21. Rd1
e5 22. Bf5 Rf8 23. b4 $16) 21. gxf3 (21. Qxf3 {Kharitonov} Nxd3 22. Qxd3 O-O
23. Rd1 Rb8 $10) 21... Ke7 $132 (21... Nxd3 $5 {Kharitonov} 22. Qxd3 O-O 23.
Rd1 Rb8 24. Qxd4 Qxd4 25. Rxd4 Rxb5 $10) 22. Rc1 h5 23. Qc2 Rc8 $1 (23... Nxd3
{Kharitonov} 24. Qxd3 Rb8 25. Rc4 Qxb5 26. Qxd4 Qxb2 27. Rc7+ Kf8 28. Qc5+ Kg7
29. Qxh5 Qb1+ 30. Kg2 Qg6 $10) 24. Bf1 d3 $1 25. Qc3 $8 (25. Bxd3 $4 Nxd3 26.
Qxc8 Qxf2+ $19 27. Kh1 {Kharitonov} Qxf3+ 28. Kh2 Nxc1 29. Qxc1 Qe2+ $17) 25...
h4 $1 (25... Ne4 $2 26. Qa3+ $1 (26. Qb4+ $2 Kd7 $1 $17) 26... Kd7 27. Qxd3+
Ke7 28. Qa3+ $1 (28. Rc2 {+-Kharitonov} Rxc2 29. Qxc2 Nxg3 $13) 28... Kd7 29.
Rd1+ $16) 26. g4 (26. b4 $4 Ne4 $1 $19) 26... e5 27. Qb4 Kf8 28. g5 $1 (28.
Bxd3 $2 {Gurevich,M} Kg7 $1 29. Rd1 $8 (29. Bf1 $2 Ne4 $1 $19 (29... Nd3 $1))
29... Nxd3 30. Rxd3 Rc1+ (30... Rc2 {Kharitonov} 31. Rd2 (31. Re3 h3 $1 $132)
31... Rxd2 32. Qxd2 Qxb5 $10) 31. Kg2 h3+ 32. Kg3 h2 $1 33. Kxh2 Qxf2+ 34. Kh3
Rh1#) 28... f5 $8 (28... fxg5 $6 29. Qg4 $36 (29. Qg4 {Kharitonov} Re8 30. Qxg5
$16)) 29. Qc3 (29. Qxh4 $6 Kg7 $1 $36 (29... Kg8 30. Bxd3 $18) 30. Qh6+ $140 (
30. b4 {Kharitonov} d2 31. Rxc5 Rxc5 (31... Rd8 32. Be2 $18) (31... d1=Q 32.
Rxc8 $18) 32. bxc5 Qxc5 33. Be2 Qc1+ 34. Kg2 d1=Q 35. Bxd1 Qxd1 36. Qh6+ Kg8
37. g6 fxg6 38. Qxg6+ Kh8 39. Qxf5 $18) 30... Qxh6 31. gxh6+ Kxh6 32. Bxd3 $2 (
32. b4 d2 33. Rd1 Nb3 $17) 32... Rg8+ $19) 29... Qd8 $1 30. f4 $1 (30. b4 $2 d2
31. Rd1 Ne4 $1 32. Qxe5 (32. Qe3 Rc3 $19) (32. Qxc8 Qxc8 33. fxe4 Qc2 34. Be2
Qxe4 35. Rxd2 Qxb4 $19) 32... Qxg5+ 33. Kh2 Rc1 $1 34. Be2 Nxf2 35. Qd6+ Kg8
36. Qxd2 (36. Rxd2 Rh1#) 36... Qg3#) (30. Bxd3 $2 Qxg5+ 31. Kh1 (31. Kf1 $2 h3
32. b4 Nxd3 33. Qxc8+ Kg7 $19) 31... Rc7 $2 32. b6 Nxd3 $1 33. Qa3+ (33. bxc7
Nxf2+ 34. Kh2 Qg3#) 33... Kg7 34. Rg1 Rc1 $19) 30... d2 31. Rd1 Ne4 32. Qxe5
Rc1 $10 (32... Qb6 $5 33. Rxd2 $5 (33. Qh8+) 33... Nxd2 34. Qh8+ Ke7 35. Qxc8
Nf3+ $1 (35... Nxf1 36. Kxf1 Qxb5+ 37. Kg1 $14) 36. Kg2 (36. Kh1 Qxf2) 36...
Ne1+ 37. Kg1 Nf3+ $10) 33. Qh8+ Ke7 34. Qe5+ (34. Qh5 $6 {Kharitonov} Qd4 $19)
34... Kf8 (34... Kd7 $2 35. Qxf5+ Kc7 36. Qxe4 $1 Rxd1 37. Qc2+ $18) 35. Qh8+
Ke7 36. Qe5+ (36. Qxd8+ $2 {Kharitonov} Kxd8 37. Be2 Kc7 38. f3 Ng3 39. Kf2
Nxe2 40. Kxe2 Rxd1 41. Kxd1 h3 $19) (36. Qe5+ {Kharitonov} Kf8 37. Be2 Qb6 $13)
1/2-1/2

[Event "Novgorod"]
[Site "Novgorod"]
[Date "1994.??.??"]
[Round "10"]
[White "Ivanchuk, Vassily"]
[Black "Bareev, Evgeny"]
[Result "1-0"]
[WhiteElo "2695"]
[BlackElo "2675"]
[Annotator "Hansen,LB"]
[PlyCount "75"]
[EventDate "1994.08.??"]
[EventType "tourn"]
[EventRounds "10"]
[EventCountry "RUS"]
[EventCategory "19"]
[SourceTitle "CBM 043"]
[Source "ChessBase"]
[SourceDate "1994.12.01"]
[SourceVersion "1"]
[SourceVersionDate "1994.12.01"]
[SourceQuality "1"]

1. d4 d5 2. c4 c6 3. Nc3 Nf6 4. e3 e6 5. Nf3 Nbd7 6. Bd3 dxc4 7. Bxc4 b5 8. Bd3
a6 9. e4 c5 10. e5 cxd4 11. Nxb5 Ng4 $5 12. Qa4 (12. Nd6+ Bxd6 13. exd6 Qa5+
14. Bd2 (14. Qd2 Qd5 15. Qg5 Qxg5 16. Bxg5 Nc5 17. Be2 f6 18. Bd2 e5 $13 {
Greenfeld,A-Gurevich,D/Beersheba/1993/}) 14... Qd5 15. Qa4 (15. O-O Nge5 16.
Nxe5 Nxe5 17. Bb4 $6 a5 18. d7+ Bxd7 19. Ba3 Bc6 20. f3 Nxd3 21. Qxd3 Bb5 22.
Qc2 Bxf1 23. Rxf1 d3 24. Qc3 f6 $19 {Illescas Cordoba,M-Oll,L/Groningen PCA/
1993/}) 15... Nge5 16. Nxe5 Qxe5+ 17. Kf1 O-O 18. Re1 Qf6 $13 {Ajupbergenov,
A-Volzhin,A/Volgograd/1994/}) 12... Bb7 13. Nbxd4 Qb6 14. O-O Bc5 15. h3 (15.
Be3) 15... Bxf3 16. hxg4 Bxd4 $6 $146 (16... Bd5 17. Nb3 O-O $1 18. Qxd7 Bxb3
19. Bxh7+ Kxh7 20. Qd3+ Kg8 21. Qxb3 Qxb3 22. axb3 Rfb8 23. Ra4 Rxb3 24. Rc4 {
1/2-1/2/Stohl,I-Chernin,A/Brno/1993/}) (16... Bb7 17. Nf3 h5 $1 18. Bd2 Bxf3
19. gxf3 hxg4 20. fxg4 Qxb2 $13 {Alterman,B-Rogic,D/Zagreb zt/1993/}) 17. gxf3
Ke7 18. Be4 $1 Nxe5 $6 (18... Rad8 $1 19. Bg5+ $6 (19. f4 $13) 19... f6 20.
exf6+ gxf6 21. Bh6 (21. Rad1 $4 Nc5 22. Qc4 Nxe4 23. fxe4 fxg5 $19) 21... f5 $1
$17) (18... Rac8 $6 19. Bg5+ f6 20. exf6+ gxf6 21. Rad1 $1 $40 {Makarychev})
19. Bxa8 Rxa8 20. Kg2 Rc8 21. Qa3+ $1 Kf6 (21... Bc5 22. Be3 $1 $16) 22. Bf4
Bxb2 23. Bxe5+ Bxe5 24. Rac1 $16 Rd8 (24... Bb2 $2 25. g5+ (25. Rb1) 25... Kxg5
26. Qe7+ Bf6 27. Qxf7 Rxc1 28. Rxc1 $16 {X Kg5}) 25. Rfd1 Bb2 26. Qe3 $1 (26.
g5+ Kxg5 27. Qe7+ Bf6 28. Qxf7 $16) 26... Qxe3 27. fxe3 Bxc1 28. Rxd8 Bxe3 29.
Ra8 $18 {P <->a} Ke5 30. Rxa6 Kd5 31. Ra8 f5 32. Rh8 h6 33. Rd8+ Kc6 34. gxf5
exf5 35. Rf8 $1 Kb5 36. Rxf5+ Kb4 37. Kh3 Ka4 38. Rf7 1-0

[Event "Linares 11th"]
[Site "Linares"]
[Date "1993.??.??"]
[Round "6"]
[White "Bareev, Evgeny"]
[Black "Jussupow, Artur"]
[Result "1/2-1/2"]
[WhiteElo "2670"]
[BlackElo "2645"]
[Annotator "Jussupow,A"]
[PlyCount "121"]
[EventDate "1993.02.??"]
[EventType "tourn"]
[EventRounds "13"]
[EventCountry "ESP"]
[EventCategory "18"]
[SourceTitle "CBM 034"]
[Source "ChessBase"]
[SourceDate "1993.06.01"]
[SourceVersion "1"]
[SourceVersionDate "1993.06.01"]
[SourceQuality "1"]

1. d4 {Ftacnik} d5 2. c4 c6 3. Nc3 Nf6 4. e3 e6 5. Nf3 Nbd7 6. Bd3 dxc4 7. Bxc4
b5 8. Bd3 a6 9. e4 c5 10. e5 cxd4 11. Nxb5 Nxe5 12. Nxe5 axb5 13. Bxb5+ Bd7 14.
Nxd7 Qa5+ 15. Bd2 Qxb5 16. Nxf8 Kxf8 17. b3 {/\a4} (17. a4 {-D49/10}) (17. Qe2
{ECO D49/10/(55)} Qxb2 (17... Qxe2+ $6 18. Kxe2 Ke7 {Donaldson ECO} 19. a4 $14
{+/=/+/-}) 18. O-O Rb8 $2 (18... Kg8 $5) 19. Qd3 Qb5 20. Qxd4 $16 {Aseev,
K-Payen,A Krumbach 1991}) 17... Nd5 $5 {/\18.a4 Qd3 19.Bb4?? Nb4-+} (17... e5
$6 18. a4 Qd5 19. O-O $16 {Savcenko,S-Erikalov,A Simferopol 1990}) (17... Ke7
$6 18. a4 Qd5 (18... Qd3 $4 19. Bb4+ $18) (18... Qe5+ 19. Qe2 Qd5 20. O-O Rhc8
21. Bb4+ $14 {Halasz-Namyslo/Dortmund/1992/}) 19. O-O $14 Rhc8 (19... Rhb8 $1 {
Timman}) 20. b4 Ne4 21. b5 $16 {Timman,J-Nogueiras,J Luzern 1989 -48/564} (21.
b5 {Ftacnik} Rab8 22. Bb4+ Kf6 23. Qf3+ Kg6 24. Qg4+ Kf6 25. Rae1 Nd6 26. f4 {
1-0/Timman-Nogueiras/Luzerne/1989/})) (17... Rb8 18. b4 $5 (18. Qe2 $5) 18...
Nd5 19. a4 Qd3 20. b5 Qe4+ (20... Nc3 21. Bxc3 Qxc3+ 22. Kf1 Ke7 23. h4 $16 {
/\Rh3 Handel}) 21. Kf1 d3 22. h4 Ke7 23. Rh3 Rhd8 (23... Rhc8 24. Qf3 Qe5 25.
Ra3 $16 {Handel}) 24. Rg3 Nf6 {Quest,V-Handel,H corr 1988-1990} 25. b6 $1 {
Handel}) 18. a4 Qd3 {Timman} 19. Qe2 (19. Qf3 Qxf3 (19... Qc2 $2 20. Rc1 Qb2
21. Qd3 $16 {Schneider,A}) 20. gxf3 Ke7 (20... d3 21. O-O (21. Rg1 $5 {/\Rg4,
Rd4} Ke7 22. Rxg7 Rhb8 23. Ra3) 21... Ke7 22. Rfe1 {+/- Schneider,A -51/(438)}
Rhc8 $132) 21. Ke2 Rhb8 22. Rhb1 {+/- Schneider,A} Nb4 $132 23. a5 Rb5 (23...
d3+ 24. Kd1) 24. Ra4 Nc6 $13) (19. h4 $5 {Ftacnik} f6 $6 20. Qe2 Qxb3 21. O-O
Re8 22. Rfb1 Qc2 23. Rb7 Rg8 24. Rc1 Qa2 25. Qh5 Ne7 26. Bb4 g5 27. Bxe7+ {
1-0/Schneider,A-Pakkanen/Philadelphia/1991/}) 19... Qxb3 (19... Qxe2+ $6 20.
Kxe2 Ke7 21. b4 $16) 20. O-O Qc2 $146 (20... Nc3 21. Bxc3 dxc3 22. Qe5 c2 23.
Qc5+ Kg8 24. Ra3 Qb2 25. Qc6 $1 $14 {Schneider,A-Payen,A Lyon 1990 -51/(438)} (
25. Qc6 {Ftacnik} Qxa3 26. Qxa8+ Qf8 27. Qc6 g6 28. Qxc2 Qe7 29. Qc3 h6 30. a5
Kh7 31. a6 Ra8 32. Ra1 Qd6 33. Qa3 $16 {Schneider,A-Payen/Lyon/1990/})) 21.
Rfc1 d3 22. Qe1 (22. Rxc2 dxe2 23. Be1 $10) 22... Qb2 23. Rc4 $6 (23. a5 $142)
23... Rb8 $1 24. a5 Ke7 25. a6 Rb5 $6 (25... Rb6 $5 26. Ra5 Rb5 27. Bc1 d2 (
27... Qb3 28. Ba3+ Kd7) 28. Qxd2 (28. Bxd2 Rxa5 29. Bxa5 Ra8) 28... Qxd2 29.
Bxd2 Rxa5 30. Bxa5 Ra8 31. Rc6 Kd7) (25... Rhc8 $1 26. Rxc8 (26. a7 $4 Rxc4 $19
) 26... Rxc8 27. a7 (27. Rb1 Qa2 28. Rb7+ Rc7 29. Qc1 Rxb7 30. axb7 Qb3) 27...
Ra8 {><a7} 28. Rb1 (28. Ra6 $17) 28... Qd4 29. Rb7+ Kd6 $1 (29... Kf6 30. Qd1
Kg6 31. h4 $13) 30. Rxf7 (30. Qb1 Rxa7 31. Rxa7 Qxa7 32. Qxd3 $17) 30... Rxa7
$17) (25... Rhd8 $5 {/\Rd7}) 26. Rcc1 $1 {/\Rcb1} (26. a7 Ra8 $17) 26... Qd4
27. Rcb1 Rxb1 28. Qxb1 (28. Rxb1 Ra8 29. Rb7+ Kd6 $1 $17 (29... Kf6 30. Qd1 g5
$13 (30... Kg6 $13))) 28... Rb8 $1 29. Qc1 Ra8 $6 (29... Rb2 $2 30. Be3 $1 (30.
a7 $2 Rxd2 $1 31. Qf1 (31. Kh1 Qxf2 32. Qg1 Qxg1+ 33. Kxg1 Nb6 $19) 31... Rxf2
32. Qxf2 Qxa1+ 33. Qf1 Qxa7+ $19) 30... d2 (30... Nxe3 31. fxe3 d2 (31... Rxg2+
32. Kxg2 Qg4+ 33. Kf2 $18) (31... Qf6 32. Qc7+ Ke8 (32... Kf8 33. Qc5+ Ke8 34.
Qc6+ $18) 33. Qc6+ Ke7 34. a7 $18) 32. Qc7+ Qd7 33. Qxd7+ Kxd7 34. a7 Ra2 (
34... d1=Q+ 35. Rxd1+ $18) (34... Rc2 35. a8=Q Rc1+ 36. Kf2 d1=Q 37. Qb7+ Kd6
38. Qb8+ Ke7 (38... Kd5 39. Qd8+ $18) (38... Kc6 39. Qc8+ $18) (38... Kd7 39.
Ra7+ Kc6 40. Rc7+ Kd5 41. Rd7+ $18) 39. Ra7+ Kf6 40. Qf4+ $18) 35. Rxa2 d1=Q+
36. Kf2 $18) 31. Bxd4 dxc1=Q+ 32. Rxc1 Ra2 (32... Rb8 33. a7 Ra8 34. Rb1 $18)
33. a7 {/\Rc8} Kd7 34. Ra1 $1 (34. Rb1 Nc7 $16) (34. f3 Nc7 $16) 34... Rxa1+
35. Bxa1 Nc7 36. Bxg7 $18) (29... Kf6 $1 30. Ra5 h6 $14) 30. Ra5 $1 Ra7 $2 (
30... Kf6 $5 31. Qa3 {/\Ra4 ><d3} Nf4 32. Bxf4 $140 Qxf4 33. Qxd3 Qc1+ 34. Qf1
Qxf1+ 35. Kxf1 Ke7 $10) 31. Qa3+ Kf6 32. Ra4 $16 Qb6 33. Qxd3 g6 34. Bh6 $1 Qb2
35. h4 Ke7 36. g3 Qc3 37. Qb5 {/\Qb8} Qc7 38. Qb2 {/\Qh8 ><f8} Ra8 39. a7 $6 {
><a7} (39. Bg5+ f6 40. Bf4 Qc6 (40... Nxf4 41. Rxf4 e5 42. Rb4 $18) 41. Qb7+
$18) 39... f6 (39... Rxa7 $4 40. Qa3+ $18) 40. Bf4 (40. Bd2 $16) 40... Nxf4 41.
Rxf4 e5 42. Ra4 Kf7 43. Qd2 Kg7 44. Qe3 Qb7 (44... h5 $2 45. Ra6 Qb7 46. Qa3 {
><f6,g6} Qf7 47. Kh2 Qb7 48. Qd6 Qf7 49. Qb8 Qd5 50. Rd6 Qf3 51. Qc7+ Kh6 52.
Kg1 {/\Rd7+-} (52. Qc1+ Kg7 53. Rd7+ $18)) 45. Qc5 Rd8 46. Ra1 Ra8 47. Kh2 Kg8
48. g4 $5 Qe4 $6 (48... Kh8 $5 $16) 49. Ra4 $1 Qb7 (49... Qxa4 $2 50. Qd5+ $18)
50. g5 $6 (50. Ra3 $1 $16) 50... fxg5 51. hxg5 h6 $3 52. gxh6 (52. Qxe5 Rxa7
$10) 52... Kh7 $14 53. Ra3 Qf7 54. Qe3 Qb7 55. Kg3 Qc7 56. Ra6 Qf7 57. Kh2 Qb7
58. Ra5 Qc7 59. Ra6 Qb7 60. Qd3 Qf7 61. Qe3 1/2-1/2